01395nam a2200217Ia 4500008004100000020002200041020001900063050002100082082002700103100004000130245016200170250003100332260004100363300001800404336001000422337001400432338001400446500006000460505063100520650002601151120625s2000 mx 000 0 spa d a13: 9789706868589 a10: 9706868585 4aPC4410 bM3 2000 a371.30281 bM379c 20001 aMartín Vivaldi, Gonzaloe, autor.10aCurso de redacción b: teoría y practica de la composición y del estilo c/ Gonzalo Martin Vivaldi ; edición actualizada por Arsenio Sánchez. Perez a33a. edición actualizada3 aMéxicob: Cengage Learningc, 2000 a539 páginas atexto asin medio avolúmen aIncluye índice alfabético de materias (pp. 531-539)1 aCapítulo 1: Cuestiones gramaticales La redacción y la gramática El lenguaje, medio de comunicación El estilo puede conseguirse Leer para aprender Capítulo 2: Claridad y orden Orden, disciplina variedad Las gramáticas del texto y la lingüística textual Capítulo 3: Precisión en el empleo del lenguaje Vocabulario frecuente Vocabularios disponible y vocabulario técnico El lenguaje de los jóvenes Capítulo 4: La elegancia en el lenguaje y el arte de escribir Arte, elegancia y composición Escribir y componer Capítulo 5: El arte de escribir y las técnicas La técnica ayuda, pero no basta 14aESPAÑOLxRETÓRICA